Languages of Asia - Statistics

General Stats
  • This quiz has been taken 66 times
    41 since last reset
  • The average score is 45 of 49
Answer Stats
Hint Answer % Correct
Iraq Arabic
100%
Syria Arabic
100%
Jordan Arabic
100%
Lebanon Arabic
100%
Kuwait Arabic
100%
Saudi Arabia Arabic
100%
Oman Arabic
100%
Yemen Arabic
100%
United Arab Emirates Arabic
100%
Bahrain Arabic
100%
Qatar Arabic
100%
Japan Japanese
100%
Taiwan Mandarin
100%
China Mandarin
100%
Singapore Mandarin
100%
India Hindi
97%
North Korea Korean
97%
South Korea Korean
97%
Laos Lao
97%
Mongolia Mongolian
97%
Russia Russian
97%
Turkey Turkish
97%
Cyprus Turkish
97%
Armenia Armenian
95%
Azerbaijan Azerbaijani
95%
Georgia Georgian
95%
Israel Hebrew
95%
Kazakhstan Kazakh
95%
Cambodia Khmer
95%
Malaysia Malay
95%
Brunei Malay
95%
Thailand Thai
95%
Turkmenistan Turkmen
95%
Uzbekistan Uzbek
95%
Bangladesh Bengali
92%
Philippines Filipino
92%
Nepal Nepali
92%
Vietnam Vietnamese
92%
Kyrgyzstan Kyrgyz
90%
Pakistan Urdu
90%
Afghanistan Pashto
87%
Bhutan Dzongkha
85%
Indonesia Indonesian
85%
Myanmar Burmese
82%
Tajikistan Tajiki
82%
Sri Lanka Sinhala
67%
Iran Farsi
62%
Maldives Dhivehi
33%
Timor Leste Tetun
13%
No matching quizzes found
Score Distribution
Percent of People with Each Score
Percentile by Number Answered
Your Score History
You have not taken this quiz since the last reset